Memorandum of understanding between The Copperbelt University and The Teachers of Primary and Secondary Schools Upgrading Programme (TOPSSUP) (Record no. 50981)

MARC details
000 -LEADER
fixed length control field 00653nam a2200145 a 4500
008 - FIXED-LENGTH DATA ELEMENTS--GENERAL INFORMATION
fixed length control field 220912s2004 xx |||||||||||||| || u
050 ## - LIBRARY OF CONGRESS CALL NUMBER
Classification number CBU(02)2004/1
110 ## - MAIN ENTRY--CORPORATE NAME
Corporate name or jurisdiction name as entry element Copperbelt University
245 10 - TITLE STATEMENT
Title Memorandum of understanding between The Copperbelt University and The Teachers of Primary and Secondary Schools Upgrading Programme (TOPSSUP)
Statement of responsibility, etc. By The Copperbelt University(CBU)
260 ## - PUBLICATION, DISTRIBUTION, ETC.
Place of publication, distribution, etc.
Name of publisher, distributor, etc. Copperbelt University
Date of publication, distribution, etc. [2004]
300 ## - PHYSICAL DESCRIPTION
Extent 14 pages
650 ## - SUBJECT ADDED ENTRY--TOPICAL TERM
Topical term or geographic name entry element DISTANCE EDUCATION
650 ## - SUBJECT ADDED ENTRY--TOPICAL TERM
Topical term or geographic name entry element DISTANCE LEARNING
995 ## - RECOMMENDATION 995 [LOCAL, UNIMARC FRANCE]
-- CBU-MAIN LIBRARY (Kitwe)
-- 1
-- AVAILABLE
-- Sep 12, 2022
-- University Collection
Holdings
Withdrawn status Lost status Source of classification or shelving scheme Damaged status Not for loan Home library Current library Shelving location Date acquired Total Checkouts Full call number Barcode Date last seen Price effective from Koha item type
          CBU-MAIN LIBRARY, KITWE. CBU-MAIN LIBRARY, KITWE.   11/30/2022   CBU(02)2004/1 B5013 11/30/2022 11/30/2022 MONOGRAPH